| 000 | 00573nam a2200157Ia 4500 | ||
|---|---|---|---|
| 008 | 220216s9999 xx 000 0 und d | ||
| 100 | _aSathik M B M | ||
| 245 | 0 | _aIdentification of TPD responsive transcripts in Hevea brasiliensis | |
| 260 | _bIn: Tapping Panel Dryness of Rubber Trees (Eds.James Jacob; R Krishnakumar and N.M. Mathew) Rubber Research Institute of India, Kottayam, 2006, pp.162-172. | ||
| 650 | _aDD R-PCR | ||
| 650 | _aDifferential gene expression | ||
| 650 | _aTPD-responsive transcripts | ||
| 700 | _aJacob J | ||
| 700 | _aThomas M | ||
| 942 | _cBS | ||
| 999 |
_c50742 _d50742 |
||